| 000 | 00396 a2200169 4500 | ||
|---|---|---|---|
| 001 | 187307 | ||
| 020 | _a85-322-5692-9 | ||
| 040 | _cMagnum | ||
| 100 | _aMaria, Luzia de | ||
| 240 | 1 | 0 |
_aNo baú da memória revirando a história _lpor |
| 245 | 1 | 0 | _aNo baú da memória revirando a história |
| 300 | _a31 | ||
| 362 | 0 | _a2006 | |
| 440 | 1 | _aFTD | |
| 697 | _aLITERATURA INFANTO | ||
| 942 | _cBK | ||
| 999 |
_c187307 _d187307 |
||